Library of the University of Algiers 3
Ibrahim Sultan Cheibout
شعار جامعة الجزائر 3
مكتبة جامعة الجزائر 3
إبراهيم سلطان شيبوط

البحث العلمي الإجتماعي : (رقم التسجيلة. 45560)

تفاصيل مارك
000 -LEADER
fixed length control field 01324nam a2200241Ia 4500
003 - CONTROL NUMBER IDENTIFIER
control field Ost
005 - DATE AND TIME OF LATEST TRANSACTION
control field 20260507075649.0
008 - FIXED-LENGTH DATA ELEMENTS--GENERAL INFORMATION
fixed length control field 260507s9999||||xx |||||||||||||| ||und||
040 ## - CATALOGING SOURCE
Transcribing agency fsecg
041 ## - LANGUAGE CODE
Language code of text/sound track or separate title ara
082 ## - DEWEY DECIMAL CLASSIFICATION NUMBER
Classification number 301.072
100 ## - MAIN ENTRY--PERSONAL NAME
Personal name جلبي، علي عبد الرازق
Relator term مؤلف
245 #0 - TITLE STATEMENT
Title البحث العلمي الإجتماعي :
Remainder of title لغته ومداخله، مناهجه وطرائقه /
Statement of responsibility, etc. علي عبد الرازق جلبي
260 ## - PUBLICATION, DISTRIBUTION, ETC.
Place of publication, distribution, etc. الإسكندرية:
Name of publisher, distributor, etc. دار المعرفة الجامعية,
Date of publication, distribution, etc. 2003
300 ## - PHYSICAL DESCRIPTION
Extent 378 صفحة؛
Other physical details إيضاحات ؛
Dimensions 24 سم
504 ## - BIBLIOGRAPHY, ETC. NOTE
Bibliography, etc. note المراجع ص.378
520 ## - SUMMARY, ETC.
Summary, etc. لغة البحث العلمي الإجتماعي ومكونات النظرية العلمية- أنواع المعرفة وقواعدها- استخدام المنهج العلمي( النشأة والتطور)- مداخل دراسة المجتمع- مناهج البحث العلمي الإجتماعي- طرق دراسة المجتمع- أدوات جمع البيانات- عينة البحث الإجتماعي.
653 ## - INDEX TERM--UNCONTROLLED
Uncontrolled term البحث الإجتماعي
653 ## - INDEX TERM--UNCONTROLLED
Uncontrolled term البحث العلمي
653 ## - INDEX TERM--UNCONTROLLED
Uncontrolled term علم الإجتماع- مناهج البحث
700 ## - ADDED ENTRY--PERSONAL NAME
Personal name السيد، السيد عبد العاطي وآخرون
Relator term مؤلف ثانوي
942 ## - ADDED ENTRY ELEMENTS (KOHA)
Koha item type كتب

لا توجد مواد متاحة.

موارد الويب المفتوحة


© University of Algiers 3 All Rights Reserved
|
Implemented by LECHELAH Riad